=LDR 00000nam 2200000 4500 =001 INLIS000000000012375 =005 20130612103914 =008 ***********************************Ind** =035 ##$$0010-061300000012375 =041 ##$$a Ind =082 ##$$a 658.64 =090 ##$$a 658.64, Pay k =100 ##$$a Payne, Richard A =245 ##$$a Karir dan sukses meraih prestasi dan jabatan dengan cepat dan tepat, Richard A payne =260 ##$$a 1992 $b Semarang =300 ##$$a 151 hlm., 21 cm =650 ##$$a Manajemen Kepemimpinan =850 ##$$a NBPNMAT =990 ##$$a 0001/BPAP-NTB/20142015